| 000 | 00628nam a2200217 a 4500 | ||
|---|---|---|---|
| 999 |
_c2325 _d2325 |
||
| 001 | 2325 | ||
| 003 | BD-JhCC | ||
| 005 | 20171101104000.0 | ||
| 008 | 171101s1973 bg |||| ||a| 000 0 ben d | ||
| 035 | _a(BD-JhCC)2325 | ||
| 040 |
_aBD-JhCC _dBD-JhCC |
||
| 041 | _aben | ||
| 082 |
_a891.443 _bPSA 1973 |
||
| 100 | _aপাশা, আনোয়ার | ||
| 245 |
_aরাইফেল রোটি আওরাত / _cআনোয়ার পাশা |
||
| 260 |
_aঢাকা : _bবর্ণমিছিল, _c১৯৭৩. |
||
| 300 |
_a229 p. : _c21 cm. |
||
| 650 | _aBengali Novel | ||
| 942 |
_2ddc _cBK |
||